00659 a2200145 4500003000500000005001700005040000900022082001200031100002000043245004000063260003000103300001200133505035800145650001000503NUST20230125152453.0 cNust a823,SEN aSender, Ramon J aSeven Red Sundays /cRamon J Sender aLondonbFaber & Faber ltd a438:p.; aTranslator Introductory Notes (Page-9),First Sunday: A Spark Light The Tinder (Page-29), Second Sunday: The Insurrection Proceeds(Page-97),Third Sunday: Repercussions (Page-175),Fourth Sunday: Hopes And Failure(Page-257),Fifth Sunday: Collapse (Page-335),Sixth Sunday: After Match Of Dejection (Page-395), Seventh Sunday: Only In The Future (Page-419). aNovel